Advances in agricultural microbiology / (Record no. 719)

MARC details
000 -LEADER
fixed length control field 00693nam a22002297a 4500
001 - CONTROL NUMBER
control field BD-DhSAU 719
003 - CONTROL NUMBER IDENTIFIER
control field BD-DhSAU
005 - DATE AND TIME OF LATEST TRANSACTION
control field 20150106212024.0
008 - FIXED-LENGTH DATA ELEMENTS--GENERAL INFORMATION
fixed length control field 830921s1982 ii fa b 001 0 eng
020 ## - INTERNATIONAL STANDARD BOOK NUMBER
Terms of availability 8120402286
040 ## - CATALOGING SOURCE
Transcribing agency BD-DhSAU
082 00 - DEWEY DECIMAL CLASSIFICATION NUMBER
Classification number 576
Edition number 22
Item number SUA
245 00 - TITLE STATEMENT
Title Advances in agricultural microbiology /
Statement of responsibility, etc. edited by N.S. Subba Rao.
260 ## - PUBLICATION, DISTRIBUTION, ETC. (IMPRINT)
Place of publication, distribution, etc. New Delhi :
Name of publisher, distributor, etc. Oxford & IBH ;
Date of publication, distribution, etc. c1982.
300 ## - PHYSICAL DESCRIPTION
Extent xxii, 704 p., [16] p. of plates :
Other physical details ill. ;
Dimensions 25 cm.
504 ## - BIBLIOGRAPHY, ETC. NOTE
Bibliography, etc Includes bibliographies and index.
590 ## - Name of Cataloguer
Name of Cataloger joy
650 #0 - SUBJECT ADDED ENTRY--TOPICAL TERM
Topical term or geographic name as entry element Agricultural microbiology.
650 #0 - SUBJECT ADDED ENTRY--TOPICAL TERM
Topical term or geographic name as entry element Plant pathology.
700 2# - ADDED ENTRY--PERSONAL NAME
Personal name Subba Rao, N. S.
Fuller form of name (Nanjappa Shamanna),
Dates associated with a name 1926-
906 ## - LOCAL DATA ELEMENT F, LDF (RLIN)
g catlg
942 ## - ADDED ENTRY ELEMENTS (KOHA)
Source of classification or shelving scheme Dewey Decimal Classification
Koha item type Book
Holdings
Withdrawn status Lost status Source of classification or shelving scheme Damaged status Not for loan Home library Branch Name Shelving location Date acquired Total Checkouts Full call number Barcode Date last seen Price effective from Koha item type Collection code
    Dewey Decimal Classification     SAU Library SAU Library General Stacks 29/06/1988   576 SUA 11605 06/01/2015 06/01/2015 Book  
    Dewey Decimal Classification     SAU Library SAU Library General Stacks 29/06/1988   576 SUA 11608 06/01/2015 06/01/2015 Book  
    Dewey Decimal Classification     SAU Library SAU Library General Stacks 29/06/1988   631.46ROA 11607 09/02/2015 09/02/2015 Book  
    Dewey Decimal Classification     SAU Library SAU Library General Stacks 29/06/1988   631.46ROA 11606 09/02/2015 09/02/2015 Book  
    Dewey Decimal Classification     SAU Library SAU Library General Stacks 25/06/1992   631.46ROA 21042 09/02/2015 09/02/2015 Book  
    Dewey Decimal Classification     SAU Library SAU Library General Stacks 25/06/1992   631.46RAO 21041 09/02/2015 09/02/2015 Book  
    Dewey Decimal Classification   Not For Loan SAU Library SAU Library Reference 29/06/1988   576 SUA 11604 02/05/2015 02/05/2015 Book Reference
    Dewey Decimal Classification   Not For Loan SAU Library SAU Library Reference 25/06/1998   576 SUA 21040 16/05/2015 16/05/2015 Book Reference